00607 a2200193 45000010006000000050017000060080041000230030015000640400040000790800073001192450087001922500012002792640028002913000023003190410008003421000021003507000021003717000021003926319720260407155927.0260407a1964 arg spa dAR-UNSa-BCEJYS aAR-UNSa-BCEJYSbspacAR-UNSa-BCEJYS a510xConsideraciones fundamentales y generales de las matemáticas 10a¿Qué es la matemática?pUna exposicìón elemental de sus ideas y métodos a4a. ed. 1aMadrid :bAguilarc1964 axx, 533 p.c22 cm. aspa1 aCourant, Richard1 aRobbins, Herbert1 aBravo Gala, Luis